15 größte Städte Indonesien - Statistiken

Allgemein
  • Dieses Quiz wurde 13 mal gespielt
  • Das Durchschnittsergebnis liegt bei 6 aus 15
Antwortstatistiken
Einwohner Antwort % Korrekt
11.101.000 Jakarta
100%
2.959.000 Surabaya
80%
2.490.000 Bandung
70%
2.520.000 Medan
70%
1.485.000 Makassar
60%
1.681.000 Semarang
60%
1.642.000 Palembang
40%
1.122.000 Batam
30%
1.791.000 Tangerang
30%
1.189.000 Bandar Lampung
20%
2.459.000 Bekasi
20%
1.056.000 Bogor
20%
1.865.000 Depok
20%
976.000 Pekanbaru
10%
1.294.000 Tangerang Selatan
0%
Keine übereinstimmenden Quizze gefunden
Verteilung der Resultate
Anzahl Personen mit jedem Resultat
Perzentil nach korrekt beantworteten Fragen
Ihre Resultats-Entwicklung
Sie haben dieses Quiz noch nicht gespielt